Trends in food processing and preservation (Record no. 175297)

MARC details
000 -LEADER
fixed length control field 00382nam a2200145Ia 4500
008 - FIXED-LENGTH DATA ELEMENTS--GENERAL INFORMATION
fixed length control field 230917s9999||||xx |||||||||||||| ||und||
040 ## - CATALOGING SOURCE
-- 214489
Original cataloging agency VIVEKANANDA LIBRARY
041 ## - Language
-- English
082 ## - DDC NUMBER
Classification number 664.024 A31T
100 ## - MAIN ENTRY--PERSONAL NAME
Personal name Asha Kumari
245 #0 - TITLE STATEMENT
Title Trends in food processing and preservation
260 ## - PUBLICATION, DISTRIBUTION, ETC. (IMPRINT)
Place of publication, distribution, etc New Delhi
Name of publisher, distributor, etc Enkay Publishing House
Date of publication, distribution, etc 2013
300 ## - PHYSICAL DESCRIPTION
Pages vii, 248 p.
942 ## - ADDED ENTRY ELEMENTS (KOHA)
Koha item type Books
Holdings
Withdrawn status Lost status Damaged status Not for loan Location (home branch) Sublocation or collection (holding branch) Date acquired Koha issues (times borrowed) Koha full call number Accession No. Koha date last seen Koha item type
        VIVEKANANDA LIBRARY VIVEKANANDA LIBRARY 21/02/2014   664.024 A31T 329818 04/02/2025 Books
© Designed and Maintained by Vivekananda Library, MDU Rohtak